000 00911nam a2200253Ia 4500
003 OSt
005 20221005112322.0
006 a|||||r|||| 00| 0
007 ta
008 221004b |||||||| |||| 00| 0 hin d
020 _a9788178563732 (hbk)
024 _a17950
037 _bGift, 26/05/2015,
_cTextual
040 _aCRL
_cCRL
_bhin
041 _2hin
_ahin
082 _aO152,1NPR:g, Q3
100 _aਬੀਰ, ਸੁਰਿੰਦਰ, ਥਦ।
245 0 _aਗੁਰਦਾਸ ਸਿੰਘ ਪਰਮਾਰ
_b ਜੀਵਨ ਅਤੇ ਕਵਿਤਾ
260 _aਅੰਮ੍ਰਿਤਸਰ
_bਵਾਰਿਸ ਾਹ ਖ਼ਾਉ੍ਵਡੇਨ ਭਾਰਤ
_c2013
300 _a160ਪੰ
_ccm.
650 _aਹਿੰਦੀ ਸਾਹਿਤ
942 _hO152,1NPR:g, Q3
_cTEXL
_2cc
999 _c1024532
_d1024532